Statistics for Fill the Borderless World Map with All Country Tripoints

Click here to take the quiz!

General Stats

  • This quiz has been taken 377 times
  • The average score is 115 of 169

Answers on the Map

Answers color-coded by a green-red scale on the quiz's map according to % correct below.
Loading ...
 

Answer Stats

LatLonABCCountriesTripoint% Correct
69.0597222220.54694444FinlandNorwaySwedenFinland/Norway/Sweden/FIN NORW SWE
91%
42.50251.724444444AndorraFranceSpainAndorra/France/Spain/ (E)AND FRA SPA (E)
89%
42.601944441.442222222AndorraFranceSpainAndorra/France/Spain/ (W)AND FRA SPA (W)
89%
-30.18333333-57.6ArgentinaBrazilUruguayArgentina/Brazil/Uruguay/ARG BRA URU
88%
1.233333333-66.85BrazilColombiaVenezuelaBrazil/Colombia/Venezuela/BRA COL VEN
88%
45.92257.041388889FranceItalySwitzerlandFrance/Italy/Switzerland/FRA ITA SWI
88%
1.95-56.48333333BrazilGuyanaSurinameBrazil/Guyana/Suriname/BRA GUY SUR
87%
-0.116666667-75.25ColombiaEcuadorPeruColombia/Ecuador/Peru/COL ECU PER
86%
57.52527.35194444EstoniaLatviaRussiaEstonia/Latvia/Russia/EST LAT RUS
86%
69.0527777828.93333333FinlandNorwayRussiaFinland/Norway/Russia/FIN NORW RUS
86%
50.754444446.020833333BelgiumGermanyNetherlandsBelgium/Germany/Netherlands/BELG GER NET
85%
17.8-89.14833333BelizeGuatemalaMexicoBelize/Guatemala/Mexico/BELI GUA MEX
85%
5.183333333-60.76666667BrazilGuyanaVenezuelaBrazil/Guyana/Venezuela/BRA GUY VEN
85%
-22.80833333-67.17777778ArgentinaBoliviaChileArgentina/Bolivia/Chile/ARG BOL CHIL
84%
49.546111115.818055556BelgiumFranceLuxembourgBelgium/France/Luxembourg/BELG FRA LUX
84%
50.8702777814.82583333Czech RepublicGermanyPolandCzech Republic/Germany/Poland/CZE GER POL
84%
46.5227777813.71416667AustriaItalySloveniaAustria/Italy/Slovenia/AUSTRI ITA SLOVE
83%
47.266666679.530277778AustriaLiechtensteinSwitzerlandAustria/Liechtenstein/Switzerland/ (N)AUSTRI LIE SWI (N)
83%
47.059.606666667AustriaLiechtensteinSwitzerlandAustria/Liechtenstein/Switzerland/ (S)AUSTRI LIE SWI (S)
83%
-10.93333333-69.56694444BoliviaBrazilPeruBolivia/Brazil/Peru/BOL BRA PER
82%
2.333333333-54.55BrazilFranceSurinameBrazil/France/Suriname/BRA FRA SUR
82%
49.85116.7166667ChinaMongoliaRussiaChina/Mongolia/Russia/ (E)CHIN MONG RUS (E)
82%
49.1666666787.81666667ChinaMongoliaRussiaChina/Mongolia/Russia/ (W)CHIN MONG RUS (W)
82%
14.42166667-89.35055556El SalvadorGuatemalaHondurasEl Salvador/Guatemala/Honduras/ELS GUA HON
82%
-25.5925-54.59361111ArgentinaBrazilParaguayArgentina/Brazil/Paraguay/ARG BRA PAR
81%
52.1161111131.78055556BelarusRussiaUkraineBelarus/Russia/Ukraine/BELA RUS UKR
81%
-17.5-69.48333333BoliviaChilePeruBolivia/Chile/Peru/BOL CHIL PER
81%
50.129722226.1375BelgiumGermanyLuxembourgBelgium/Germany/Luxembourg/BELG GER LUX
80%
-20.16666667-58.16666667BoliviaBrazilParaguayBolivia/Brazil/Paraguay/BOL BRA PAR
80%
40.8516666720.98333333AlbaniaGreeceMacedoniaAlbania/Greece/Macedonia/ALB GREE MAC
79%
41.7119444426.35083333BulgariaGreeceTurkeyBulgaria/Greece/Turkey/BUL GREE TURKE
79%
48.2638888926.62527778MoldovaRomaniaUkraineMoldova/Romania/Ukraine/ (N)MOL ROM UKR (N)
79%
45.4666666728.21333333MoldovaRomaniaUkraineMoldova/Romania/Ukraine/ (S)MOL ROM UKR (S)
79%
22.755.21666667OmanSaudi ArabiaUnited Arab EmiratesOman/Saudi Arabia/United Arab Emirates/OMA SAU UAE
79%
1952OmanSaudi ArabiaYemenOman/Saudi Arabia/Yemen/OMA SAU YEM
79%
48.0066666717.16055556AustriaHungarySlovakiaAustria/Hungary/Slovakia/AUSTRI HUN SLOVA
78%
46.8691666716.11361111AustriaHungarySloveniaAustria/Hungary/Slovenia/AUSTRI HUN SLOVE
78%
27.8833333388.13333333ChinaIndiaNepalChina/India/Nepal/ (E)CHIN INDI NEP (E)
78%
30.281.03333333ChinaIndiaNepalChina/India/Nepal/ (W)CHIN INDI NEP (W)
78%
2225EgyptLibyaSudanEgypt/Libya/Sudan/EGY LIBY SUD
78%
46.8544444410.46888889AustriaItalySwitzerlandAustria/Italy/Switzerland/AUSTRI ITA SWI
77%
48.7711111113.83944444AustriaCzech RepublicGermanyAustria/Czech Republic/Germany/AUSTRI CZE GER
76%
55.6791666726.63333333BelarusLatviaLithuaniaBelarus/Latvia/Lithuania/BELA LAT LIT
76%
-4.216666667-69.93333333BrazilColombiaPeruBrazil/Colombia/Peru/BRA COL PER
76%
42.43333333130.6166667ChinaNorth KoreaRussiaChina/North Korea/Russia/CHIN NORT RUS
76%
54.362522.79055556LithuaniaPolandRussiaLithuania/Poland/Russia/LIT POL RUS
76%
27.7666666791.65BhutanChinaIndiaBhutan/China/India/ (E)BHU CHIN INDI (E)
75%
27.3333333388.91666667BhutanChinaIndiaBhutan/China/India/ (W)BHU CHIN INDI (W)
75%
44.852519.01055556Bosnia and HerzegovinaCroatiaSerbiaBosnia and Herzegovina/Croatia/Serbia/BOS CRO SER
75%
44.2166666722.68333333BulgariaRomaniaSerbiaBulgaria/Romania/Serbia/BUL ROM SER
75%
47.589722227.588888889FranceGermanySwitzerlandFrance/Germany/Switzerland/FRA GER SWI
75%
-25.9531.96666667MozambiqueSouth AfricaSwazilandMozambique/South Africa/Swaziland/ (N)MOZ S.AFR SWA (N)
75%
-26.8333333332.13333333MozambiqueSouth AfricaSwazilandMozambique/South Africa/Swaziland/ (S)MOZ S.AFR SWA (S)
75%
30.233333339.533333333AlgeriaLibyaTunisiaAlgeria/Libya/Tunisia/ALG LIBY TUN
74%
27.3-8.666666667AlgeriaMauritaniaMoroccoAlgeria/Mauritania/Morocco/ALG MAURITA MOR
74%
-24.7666666720BotswanaNamibiaSouth AfricaBotswana/Namibia/South Africa/BOT NAM S.AFR
74%
14.33333333105.2166667CambodiaLaosThailandCambodia/Laos/Thailand/CAMB LAO THA
74%
49.517518.84888889Czech RepublicPolandSlovakiaCzech Republic/Poland/Slovakia/CZE POL SLOVA
74%
3.98333333341.9EthiopiaKenyaSomaliaEthiopia/Kenya/Somalia/ETH KEN SOM
74%
29.146.55IraqKuwaitSaudi ArabiaIraq/Kuwait/Saudi Arabia/IRAQ KUW SAU
74%
33.3333333335.76666667IsraelLebanonSyriaIsrael/Lebanon/Syria/ISR LEB SYR
74%
35.676.8ChinaIndiaPakistanChina/India/Pakistan/CHIN INDI PAK
73%
-22.23333333-62.65ArgentinaBoliviaParaguayArgentina/Bolivia/Paraguay/ARG BOL PAR
72%
47.529166679.611388889AustriaGermanySwitzerlandAustria/Germany/Switzerland/AUSTRI GER SWI
72%
41.3436111122.94444444BulgariaGreeceMacedoniaBulgaria/Greece/Macedonia/BUL GREE MAC
72%
14.68333333107.55CambodiaLaosVietnamCambodia/Laos/Vietnam/CAMB LAO VIE
72%
49.099887.3123ChinaKazakhstanRussiaChina/Kazakhstan/Russia/CHIN KAZ RUS
72%
22.4102.15ChinaLaosVietnamChina/Laos/Vietnam/CHIN LAO VIE
72%
46.4666666716.61666667CroatiaHungarySloveniaCroatia/Hungary/Slovenia/CRO HUN SLOVE
72%
49.469444446.367222222FranceGermanyLuxembourgFrance/Germany/Luxembourg/FRA GER LUX
72%
37.111642.3633IraqSyriaTurkeyIraq/Syria/Turkey/IRAQ SYR TURKE
72%
29.86160.8828AfghanistanIranPakistanAfghanistan/Iran/Pakistan/AFG IRAN PAK
71%
41.3019444445.00388889ArmeniaAzerbaijanGeorgiaArmenia/Azerbaijan/Georgia/ARM AZE GEO
71%
21.9833333392.6BangladeshIndiaMyanmarBangladesh/India/Myanmar/BAN INDI MYA
71%
10.9833333342.96666667DjiboutiEthiopiaSomaliaDjibouti/Ethiopia/Somalia/DJI ETH SOM
71%
2.16666666711.33333333CameroonEquatorial GuineaGabonCameroon/Equatorial Guinea/Gabon/CAME EQU GAB
70%
12.4666666742.4DjiboutiEritreaEthiopiaDjibouti/Eritrea/Ethiopia/DJI ERI ETH
70%
41.946.40194444AzerbaijanGeorgiaRussiaAzerbaijan/Georgia/Russia/AZE GEO RUS
69%
110.916666667BeninBurkina FasoTogoBenin/Burkina Faso/Togo/BEN BURK TOG
69%
9.483333333-2.683333333Burkina FasoCôte d'IvoireGhanaBurkina Faso/Côte d'Ivoire/Ghana/BURK COT GHA
69%
56.1619444428.15722222BelarusLatviaRussiaBelarus/Latvia/Russia/BELA LAT RUS
68%
11.116666670Burkina FasoGhanaTogoBurkina Faso/Ghana/Togo/BURK GHA TOG
68%
12.68333333-13.71666667GuineaGuinea-BissauSenegalGuinea/Guinea-Bissau/Senegal/GUINEA GUINEA-B SEN
68%
37.1544.78333333IranIraqTurkeyIran/Iraq/Turkey/IRAN IRAQ TURKE
68%
32.7535.75IsraelJordanSyriaIsrael/Jordan/Syria/ISR JOR SYR
67%
37.0333333374.56666667AfghanistanChinaPakistanAfghanistan/China/Pakistan/AFG CHIN PAK
66%
42.5561111120.07861111AlbaniaKosovoMontenegroAlbania/Kosovo/Montenegro/ALB KOS MONT
66%
25-4.833333333AlgeriaMaliMauritaniaAlgeria/Mali/Mauritania/ALG MALI MAURITA
66%
51.5047222223.62472222BelarusPolandUkraineBelarus/Poland/Ukraine/BELA POL UKR
66%
42.5622222218.45Bosnia and HerzegovinaCroatiaMontenegroBosnia and Herzegovina/Croatia/Montenegro/BOS CRO MONT
66%
-2.7529.03333333BurundiDemocratic Republic of the CongoRwandaBurundi/Democratic Republic of the Congo/Rwanda/BURU DRC RWA
66%
42.2166666780.25ChinaKazakhstanKyrgyzstanChina/Kazakhstan/Kyrgyzstan/CHIN KAZ KYR
66%
8.483333333-10.26666667GuineaLiberiaSierra LeoneGuinea/Liberia/Sierra Leone/GUINEA LIBE SIE
66%
46.1166666720.25HungaryRomaniaSerbiaHungary/Romania/Serbia/HUN ROM SER
66%
42.8333333320.35KosovoMontenegroSerbiaKosovo/Montenegro/Serbia/KOS MONT SER
66%
14.76666667-12.25MaliMauritaniaSenegalMali/Mauritania/Senegal/MALI MAURITA SEN
66%
-4.68333333313.1AngolaDemocratic Republic of the CongoRepublic of the CongoAngola/Democratic Republic of the Congo/Republic of the Congo/ANG DRC ROC
65%
-10.8833333323.98333333AngolaDemocratic Republic of the CongoZambiaAngola/Democratic Republic of the Congo/Zambia/ANG DRC ZAM
65%
39.4666666773.6ChinaKyrgyzstanTajikistanChina/Kyrgyzstan/Tajikistan/CHIN KYR TAJ
65%
-1.38333333329.6Democratic Republic of the CongoRwandaUgandaDemocratic Republic of the Congo/Rwanda/Uganda/DRC RWA UGA
65%
9.534.10666667EthiopiaSouth SudanSudanEthiopia/South Sudan/Sudan/ETH S.SUD SUD
65%
20.35100.0833333LaosMyanmarThailandLaos/Myanmar/Thailand/LAO MYA THA
65%
41.877520.59444444AlbaniaKosovoMacedoniaAlbania/Kosovo/Macedonia/ALB KOS MAC
64%
19.154.266666667AlgeriaMaliNigerAlgeria/Mali/Niger/ALG MALI NIGER
64%
48.6163888916.94AustriaCzech RepublicSlovakiaAustria/Czech Republic/Slovakia/AUSTRI CZE SLOVA
64%
-22.229.36666667BotswanaSouth AfricaZimbabweBotswana/South Africa/Zimbabwe/BOT S.AFR ZIM
64%
3.46666666718.61666667Central African RepublicDemocratic Republic of the CongoRepublic of the CongoCentral African Republic/Democratic Republic of the Congo/Republic of the Congo/CAR DRC ROC
64%
13.713.63333333ChadNigerNigeriaChad/Niger/Nigeria/CHA NIGER NIGERIA
64%
45.9166666718.9CroatiaHungarySerbiaCroatia/Hungary/Serbia/CRO HUN SER
64%
14.2536.56666667EritreaEthiopiaSudanEritrea/Ethiopia/Sudan/ERI ETH SUD
64%
32.1539.2IraqJordanSaudi ArabiaIraq/Jordan/Saudi Arabia/IRAQ JOR SAU
64%
-11.5666666734.96666667MalawiMozambiqueTanzaniaMalawi/Mozambique/Tanzania/MALAW MOZ TAN
64%
53.9547222223.51666667BelarusLithuaniaPolandBelarus/Lithuania/Poland/BELA LIT POL
63%
-17.7988888925.27027778BotswanaZambiaZimbabweBotswana/Zambia/Zimbabwe/BOT ZAM ZIM
63%
48.40522.14HungarySlovakiaUkraineHungary/Slovakia/Ukraine/HUN SLOVA UKR
63%
-14.0166666733.21666667MalawiMozambiqueZambiaMalawi/Mozambique/Zambia/MALAW MOZ ZAM
63%
35.6166666761.28333333AfghanistanIranTurkmenistanAfghanistan/Iran/Turkmenistan/AFG IRAN TURKM
62%
-17.6333333323.46666667AngolaNamibiaZambiaAngola/Namibia/Zambia/ANG NAM ZAM
62%
43.5166666719.21666667Bosnia and HerzegovinaMontenegroSerbiaBosnia and Herzegovina/Montenegro/Serbia/BOS MONT SER
62%
21.56666667101.15ChinaLaosMyanmarChina/Laos/Myanmar/CHIN LAO MYA
62%
42.2666666770.95KazakhstanKyrgyzstanUzbekistanKazakhstan/Kyrgyzstan/Uzbekistan/KAZ KYR UZB
62%
-133.91666667KenyaTanzaniaUgandaKenya/Tanzania/Uganda/KEN TAN UGA
62%
42.2666666721.58333333KosovoMacedoniaSerbiaKosovo/Macedonia/Serbia/KOS MAC SER
62%
49.0872222222.56305556PolandSlovakiaUkrainePoland/Slovakia/Ukraine/POL SLOVA UKR
62%
23.5166666712AlgeriaLibyaNigerAlgeria/Libya/Niger/ALG LIBY NIGER
61%
41.1333333343.46666667ArmeniaGeorgiaTurkeyArmenia/Georgia/Turkey/ARM GEO TURKE
61%
-2.430.56666667BurundiRwandaTanzaniaBurundi/Rwanda/Tanzania/BURU RWA TAN
61%
37.2333333374.88333333AfghanistanChinaTajikistanAfghanistan/China/Tajikistan/AFG CHIN TAJ
60%
-4.4529.41666667BurundiDemocratic Republic of the CongoTanzaniaBurundi/Democratic Republic of the Congo/Tanzania/BURU DRC TAN
60%
11.92.4BeninBurkina FasoNigerBenin/Burkina Faso/Niger/BEN BURK NIGER
59%
13.0833333314.08333333CameroonChadNigeriaCameroon/Chad/Nigeria/CAME CHA NIGERIA
59%
19.524ChadLibyaSudanChad/Libya/Sudan/CHA LIBY SUD
59%
47.9544444422.89722222HungaryRomaniaUkraineHungary/Romania/Ukraine/HUN ROM UKR
59%
-22.4213888931.30888889MozambiqueSouth AfricaZimbabweMozambique/South Africa/Zimbabwe/MOZ S.AFR ZIM
59%
-17.7877777825.25666667BotswanaNamibiaZambiaBotswana/Namibia/Zambia/BOT NAM ZAM
58%
42.3166666722.36666667BulgariaMacedoniaSerbiaBulgaria/Macedonia/Serbia/BUL MAC SER
58%
150.233333333Burkina FasoMaliNigerBurkina Faso/Mali/Niger/BURK MALI NIGER
58%
2.16666666713.3CameroonGabonRepublic of the CongoCameroon/Gabon/Republic of the Congo/CAME GAB ROC
58%
41.3166666756KazakhstanTurkmenistanUzbekistanKazakhstan/Turkmenistan/Uzbekistan/KAZ TURKM UZB
58%
40.2333333370.98333333KyrgyzstanTajikistanUzbekistanKyrgyzstan/Tajikistan/Uzbekistan/KYR TAJ UZB
58%
-1.06666666730.48333333RwandaTanzaniaUgandaRwanda/Tanzania/Uganda/RWA TAN UGA
58%
38.8666666746.53333333ArmeniaAzerbaijanIranArmenia/Azerbaijan/Iran/ (E)ARM AZE IRAN (E)
57%
38.8546.15ArmeniaAzerbaijanIranArmenia/Azerbaijan/Iran/ (W)ARM AZE IRAN (W)
57%
7.53333333315.5CameroonCentral African RepublicChadCameroon/Central African Republic/Chad/CAME CAR CHA
57%
5.01666666727.45Central African RepublicDemocratic Republic of the CongoSouth SudanCentral African Republic/Democratic Republic of the Congo/South Sudan/CAR DRC S.SUD
57%
8.64583333324.23583333Central African RepublicSouth SudanSudanCentral African Republic/South Sudan/Sudan/CAR S.SUD SUD
57%
7.566666667-8.466666667Côte d'IvoireGuineaLiberiaCôte d'Ivoire/Guinea/Liberia/COT GUINEA LIBE
57%
4.21666666734KenyaSouth SudanUgandaKenya/South Sudan/Uganda/KEN S.SUD UGA
57%
37.3566.55AfghanistanTurkmenistanUzbekistanAfghanistan/Turkmenistan/Uzbekistan/AFG TURKM UZB
56%
11.73.6BeninNigerNigeriaBenin/Niger/Nigeria/BEN NIGER NIGERIA
56%
10.43333333-5.516666667Burkina FasoCôte d'IvoireMaliBurkina Faso/Côte d'Ivoire/Mali/BURK COT MALI
56%
2315ChadLibyaNigerChad/Libya/Niger/CHA LIBY NIGER
56%
28.2166666797.35ChinaIndiaMyanmarChina/India/Myanmar/CHIN INDI MYA
56%
-15.6166666730.41666667MozambiqueZambiaZimbabweMozambique/Zambia/Zimbabwe/MOZ ZAM ZIM
56%
10.9333333322.86666667Central African RepublicChadSudanCentral African Republic/Chad/Sudan/CAR CHA SUD
55%
12.41666667-11.36666667GuineaMaliSenegalGuinea/Mali/Senegal/GUINEA MALI SEN
55%
37.1666666767.78333333AfghanistanTajikistanUzbekistanAfghanistan/Tajikistan/Uzbekistan/AFG TAJ UZB
54%
39.7166666744.76666667ArmeniaAzerbaijanTurkeyArmenia/Azerbaijan/Turkey/ARM AZE TURKE
54%
33.3666666738.8IraqJordanSyriaIraq/Jordan/Syria/IRAQ JOR SYR
54%
-9.432.96666667MalawiTanzaniaZambiaMalawi/Tanzania/Zambia/MALAW TAN ZAM
54%
39.6333333344.81666667AzerbaijanIranTurkeyAzerbaijan/Iran/Turkey/AZE IRAN TURKE
52%
38.751.4AzerbaijanIranTurkmenistanAzerbaijan/Iran/Turkmenistan/AZE IRAN TURKM
52%
2.21666666716.2CameroonCentral African RepublicRepublic of the CongoCameroon/Central African Republic/Republic of the Congo/CAME CAR ROC
52%
-8.230.76666667Democratic Republic of the CongoTanzaniaZambiaDemocratic Republic of the Congo/Tanzania/Zambia/DRC TAN ZAM
52%
3.530.86666667Democratic Republic of the CongoSouth SudanUgandaDemocratic Republic of the Congo/South Sudan/Uganda/DRC S.SUD UGA
51%
5.435.3EthiopiaKenyaSouth SudanEthiopia/Kenya/South Sudan/ETH KEN S.SUD
50%
10.16666667-7.966666667Côte d'IvoireGuineaMaliCôte d'Ivoire/Guinea/Mali/COT GUINEA MALI
48%
41.551AzerbaijanKazakhstanTurkmenistanAzerbaijan/Kazakhstan/Turkmenistan/AZE KAZ TURKM
26%
42.849.9AzerbaijanKazakhstanRussiaAzerbaijan/Kazakhstan/Russia/AZE KAZ RUS
25%

Score Distribution

Percentile by Number Answered

Percent of People with Each Score

Your Score History

You have not taken this quiz